000 02234nam a2200313Ia 4500
999 _c50902
_d50902
001 17857
003 GE_BSU
005 20250219133404.0
008 181216s2016||||ge |||||||||||||| ||geo||
020 _a9789941241352
040 _cGE_BSU
041 _ageo
080 _a27-36 წ-71
245 _aნეტარი მაქსიმე მოსკოველი ; წმინდა ფილიპე მოსკოველი ; წმინდა ლუკა გოინო-იასენეცკი ; ღირსი სერაფიმე ვირიცელი.
_cშემდგენელი მანანა ტუაევა ; გარეკანის დიზაინი რატი თორდია.
264 _aთბილისი :
_bპალიტრა L,
_c2016.
300 _a208 გვ. ;
_c20 სმ.
490 _aსაქართველოს იმედი II : ყველა წმინდანი, რომელთა შესახებაც უნდა იცოდე, 2298-0547 / პროექტის რედაქტორი თამარ მამაცაშვილი ;
_vწ. 38
500 _aიბეჭდება სრულიად საქართველოს კათოლიკოს-პატრიარქის, უწმინდესისა და უნეტარესის ილია II-ის ლოცვა-კურთხევით
541 _h2 ლ.
653 _aნეტარი მაქსიმე მოსკოველი
653 _a წმინდა ფილიპე მოსკოველი
653 _aწმინდა ლუკა გოინო-იასენეცკი
653 _a ღირსი სერაფიმე ვირიცელი
653 _aრელიგია
700 _a ტუაევა, მანანა
_eშემდგენელი
_924399
700 _aმამაცაშვილი, თამარ
_eპროექტის რედაქტორი
_924400
700 _aთორდია, რატი
_eგარეკანის დიზაინერი
_917902
942 _cBK
_2udc